Library Trends

Saved in:
Bibliographic Details
Format: Serial
Language:English
Published: Champaign University of Illinois Press
Tags: Add Tag
No Tags, Be the first to tag this record!

MARC

LEADER 00000nas1a2200000 4500
001 s125015
005 20250701092131.0
022 |a 0024-2594 
022 |a 1559-0682 
041 0 |a eng 
044 |a US 
245 1 0 |a Library Trends 
264 1 |a Champaign  |b University of Illinois Press